| 000 | 01248nam a2200277 a 4500 | ||
|---|---|---|---|
| 001 | 000005420 | ||
| 005 | 20200929151655.0 | ||
| 008 | 090819s19841986es 001 0 spa d | ||
| 020 | _a8400058062 | ||
| 040 |
_aDO-SdBNP _bspa _cBNPHU |
||
| 082 |
_aR 016.972803 _bC322c |
||
| 245 | 0 | 0 |
_aCartas de cabildos hispanoamericanos : _baudiencia de Guatemala / _cedición Javier Ortíz de la Tabla, Bibiano Torres Ramírez, Enriqueta Vila Vilar. |
| 260 |
_aSevilla : _bEscuela de Estudios Hipanoamericanos, _c1984-1986. |
||
| 300 |
_a2v. ; _c25 cm. |
||
| 490 | 1 |
_aPublicaciones de la Escuela de Estudios Hispano-Americanos de Sevilla, _v301, 321 |
|
| 500 | _aA la cabeza de la portada Publicación conmemorativa del V Centenario del Descubrimiento de América. | ||
| 500 | _aIncluye índice onomástico | ||
| 651 | 4 |
_aAmérica Central _xHistoria _915383 |
|
| 651 | 4 |
_aGuatemala _xHistoria _yFLORECIMIENTO COLONIAL, 1720-1821 _915384 |
|
| 700 | 1 | 2 |
_aOrtíz de la Tabla, Javier _eed. _915385 |
| 700 | 1 | 2 |
_aTorres Ramírez, Bibiano _eed. _914974 |
| 700 | 1 | 2 |
_aVila Vilar, Enriqueta _eed. _915386 |
| 830 | 0 |
_aPublicaciones de la Escuela de Estudios Hispano-Americanos de Sevilla, _n301, 321 _915387 |
|
| 910 | _aValidado. Control de calidad MFF | ||
| 049 | _aBNPD | ||
| 999 |
_c5220 _d5220 |
||